000 01102cam a22002894a 4500
001 11847996
003 ARRUPE
005 20131023141124.0
008 991122s2001 nyu b 000 0deng
010 _a 99059478
020 _a081890836X
040 _aDLC
_cDLC
_dDLC
042 _apcc
050 0 0 _aBX581
_b.B65 2001
082 0 0 _a248.4/819
_221
100 1 _aBolshakoff, Serge.
_92803
245 1 0 _aWisdom for the journey :
_bconversations with spiritual fathers of the Christian East /
_cSerge Bolshakoff ; epilogue by M. Basil Pennington OCSO.
260 _aNew York :
_bAlba House,
_c2001.
300 _axiv, 208 p. ;
_c21 cm.
504 _aIncludes bibliographical (p. 207-208) references.
600 1 0 _aBolshakoff, Serge.
_92804
650 0 _aMonastic and religious life.
_92805
650 0 _aSpirituality
_xOrthodox Eastern Church.
_92806
906 _a7
_bcbc
_corignew
_d1
_eocip
_f19
_gy-gencatlg
942 _2lcc
_cMONOGRAPH
999 _c118415
_d118415